LIBRARY ONLINE CATALOGUE

A Practical approach to conveyancing / (Record no. 15990)

MARC details
000 -LEADER
fixed length control field 00938cam a22002772 4500
001 - CONTROL NUMBER
control field 0000020814
003 - CONTROL NUMBER IDENTIFIER
control field OSt
005 - DATE AND TIME OF LATEST TRANSACTION
control field 20160609163602.0
008 - FIXED-LENGTH DATA ELEMENTS--GENERAL INFORMATION
fixed length control field 111018s xx 000 0 eng d
020 ## - INTERNATIONAL STANDARD BOOK NUMBER
International Standard Book Number 0198735724 :
Terms of availability KES 7550
040 ## - CATALOGING SOURCE
Original cataloging agency KABU
Transcribing agency KABU
050 ## - LIBRARY OF CONGRESS CALL NUMBER
Classification number KD979
Item number .A23 2015 c. 1
100 1# - MAIN ENTRY--PERSONAL NAME
Personal name Abbey, Robert M.
245 12 - TITLE STATEMENT
Title A Practical approach to conveyancing /
Statement of responsibility, etc. Robert M. Abbey, Mark B. Richards.
250 ## - EDITION STATEMENT
Edition statement 17th ed.
260 ## - PUBLICATION, DISTRIBUTION, ETC. (IMPRINT)
Place of publication, distribution, etc. Oxford :
Name of publisher, distributor, etc. O. U. P.,
Date of publication, distribution, etc. 2015.
300 ## - PHYSICAL DESCRIPTION
Extent xxxiv, 516 p.
650 #0 - SUBJECT ADDED ENTRY--TOPICAL TERM
Topical term or geographic name as entry element Conveyancing
Geographic subdivision Great Britain.
650 #0 - SUBJECT ADDED ENTRY--TOPICAL TERM
Topical term or geographic name as entry element Land titles
General subdivision Registrations and transfer
Geographic subdivision Great Britain.
700 1# - ADDED ENTRY--PERSONAL NAME
Personal name Richards, Mark B.
908 ## - PUT COMMAND PARAMETER (RLIN)
Put command parameter 111018
942 ## - ADDED ENTRY ELEMENTS (KOHA)
Source of classification or shelving scheme Library of Congress Classification
Koha item type General Collection
Edition 17th ed.
Classification part KD979
Item part .A23 2015 c. 1
Holdings
Withdrawn status Lost status Source of classification or shelving scheme Not for loan Home library Current library Shelving location Date acquired Cost, normal purchase price Total Checkouts Full call number Barcode Date last seen Date last checked out Copy number Price effective from Koha item type Total Renewals
    Library of Congress Classification   Kabarak, Main Campus Kabarak, Main Campus General Stacks 09/06/2016 7550.00 5 KD979 .A23 2015 c. 1 019929 15/04/2026 07/04/2026 c. 1 09/06/2016 General Collection  
    Library of Congress Classification   Kabarak, Main Campus Kabarak, Main Campus General Stacks 09/06/2016 7550.00 1 KD979 .A23 2015 c. 2 019933 22/06/2017 06/06/2017 c. 2 09/06/2016 General Collection  
    Library of Congress Classification   Kabarak, Main Campus Kabarak, Main Campus General Stacks 09/06/2016 7550.00 4 KD979 .A23 2015 c. 3 019924 29/10/2018 11/10/2018 c. 3 09/06/2016 General Collection 1
    Library of Congress Classification   Kabarak, Main Campus Kabarak, Main Campus General Stacks 09/06/2016 7550.00   KD979 .A23 2015 c. 4 019934 09/06/2016   c. 4 09/06/2016 General Collection  
    Library of Congress Classification   Kabarak, Main Campus Kabarak, Main Campus General Stacks 09/06/2016 7550.00 3 KD979 .A23 2015 c. 5 019931 12/06/2017 06/06/2017 c. 5 09/06/2016 General Collection  
    Library of Congress Classification   Kabarak, Main Campus Kabarak, Main Campus General Stacks 09/06/2016 7550.00   KD979 .A23 2015 c. 6 019932 09/06/2016   c. 6 09/06/2016 General Collection  
    Library of Congress Classification   Kabarak, Main Campus Kabarak, Main Campus General Stacks 09/06/2016 7550.00 1 KD979 .A23 2015 c. 7 019927 19/06/2017 02/06/2017 c. 7 09/06/2016 General Collection  
    Library of Congress Classification   Kabarak, Main Campus Kabarak, Main Campus General Stacks 09/06/2016 7550.00   KD979 .A23 2015 c. 8 019928 09/06/2016   c. 8 09/06/2016 General Collection  
    Library of Congress Classification   Kabarak, Main Campus Kabarak, Main Campus General Stacks 09/06/2016 7550.00   KD979 .A23 2015 c. 9 019935 09/06/2016   c. 9 09/06/2016 General Collection  
    Library of Congress Classification   Kabarak, Main Campus Kabarak, Main Campus General Stacks 09/06/2016 7550.00 3 KD979 .A23 2015 c. 10 019930 21/02/2023 09/01/2023 c. 10 09/06/2016 General Collection 2
    Library of Congress Classification   Kabarak, Main Campus Kabarak, Main Campus General Stacks 09/06/2016 7550.00 1 KD979 .A23 2015 c. 11 019926 02/02/2024 22/01/2024 c. 11 09/06/2016 General Collection  
    Library of Congress Classification   Kabarak, Main Campus Kabarak, Main Campus General Stacks 09/06/2016 7550.00 1 KD979 .A23 2015 c. 12 019936 07/12/2018 29/11/2018 c. 12 09/06/2016 General Collection  
    Library of Congress Classification   Kabarak, Main Campus Kabarak, Main Campus General Stacks 09/06/2016 7550.00   KD979 .A23 2015 c. 13 019925 09/06/2016   c. 13 09/06/2016 General Collection  
    Library of Congress Classification   Kabarak, Main Campus Kabarak, Main Campus General Stacks 09/06/2016 7550.00 4 KD979 .A23 2015 c. 14 019923 30/09/2021 18/09/2021 c. 14 09/06/2016 General Collection